000 00262nam a2200109Ia 4500
008 240625s9999 xx 000 0 und d
041 _aeng
082 _a519.5 AND
100 _aANDERSON DAVID R
245 _aSTATISTICS FOR BUSINESS AND ECONOMICS
260 _c2014
999 _c38367
_d38367